| 000 | 00432 a2200181 4500 | ||
|---|---|---|---|
| 003 | Nust | ||
| 005 | 20251009163257.0 | ||
| 010 | _a 97930857 | ||
| 020 | _a0195778383 | ||
| 040 | _cNust | ||
| 082 | 0 | 0 | _a954.91,AKH |
| 245 | 0 | 0 | _aPakistan / |
| 250 | _a[2nd ed.] | ||
| 260 |
_aKarachi : _bOxford University Press, _c1997. |
||
| 300 |
_a208 p. : _bill. (some col.), col. maps ; _c31 cm. |
||
| 651 | 0 | _aPakistan. | |
| 942 |
_2ddc _cBK |
||
| 999 |
_c184857 _d184857 |
||